00586nam a2200169Ia 4500008004100000020001500041041001200056082001600068100001900084245009000103260002500193300000800218650000800226942000700234999001500241952016000256221030s9999 xx 000 0 und d a0074517163 aEnglish a105.23bKha aR. S. Khandpur 0aModeren Electronics Equipment Troubleshooting Repair & Maintenancecby R. S. Khandpur bTMHaNew Delhic1999 a217 aECE cBK c7819d7819 pBE 511g195.00l0o105.23 Khar2024-06-13 00:00:00w2022-10-30yBK003Print4071aMIETLIBbMIETLIBcBL-Second, FL-1, CUP-75, SH-1, R-1d1999-11-2210HBE